[Event "4NCL Division 3 North"]
[Site "Bolton, ENG"]
[Date "2019.02.09"]
[Round "5.21"]
[White "Bennett, Patrick"]
[Black "Whyte, Brian G"]
[Result "0-1"]
[WhiteElo "2004"]
[BlackElo "2072"]
[PlyCount "104"]
[EventDate "2019.02.09"]
[WhiteTeam "Holmes Chapel"]
[BlackTeam "Shropshire 1"]

1. d4 Nf6 2. Nf3 c5 3. e3 d5 4. c3 e6 5. Bd3 Be7 6. Nbd2 Nc6 7. dxc5 Bxc5 8. b4
Bd6 9. O-O O-O 10. Bb2 Qe7 11. b5 Ne5 12. Nxe5 Bxe5 13. Qa4 Rd8 14. Qh4 Bd6 15.
Rfd1 e5 16. c4 Bg4 17. Bxh7+ Kf8 18. f3 Be6 19. Bd3 Kg8 20. cxd5 Bxd5 21. e4
Be6 22. Nc4 Bc5+ 23. Kh1 Rxd3 24. Rxd3 Bxc4 25. Rd2 Bxb5 26. a4 Bc6 27. Rc2 Rd8
28. Qe1 Qd6 29. g4 a6 30. Qc3 Bd4 31. Qd3 Qd7 32. Bxd4 Qxd4 33. Qxd4 Rxd4 34.
Rb2 Nd7 35. a5 Nc5 36. Kg2 Ne6 37. Ra3 Nf4+ 38. Kg3 Rd1 39. Rab3 Ra1 40. Rd2
Ne6 41. h4 Rxa5 42. g5 Ra1 43. Rc3 g6 44. Rg2 a5 45. Kg4 Kg7 46. Rgc2 a4 47. h5
gxh5+ 48. Kf5 Nd4+ 49. Kxe5 Nxc2 50. Rxc2 a3 51. Re2 Rb1 52. f4 Rb4 0-1

[Event "4NCL Division 3 North"]
[Site "Bolton, ENG"]
[Date "2019.02.09"]
[Round "5.22"]
[White "Cooper, Gavyn"]
[Black "Doran, Chris"]
[Result "1-0"]
[WhiteElo "2110"]
[BlackElo "1965"]
[PlyCount "49"]
[EventDate "2019.02.09"]
[WhiteTeam "Shropshire 1"]
[BlackTeam "Holmes Chapel"]

1. Nf3 Nf6 2. g3 g6 3. Bg2 Bg7 4. O-O O-O 5. d4 d6 6. c4 Nc6 7. Nc3 a6 8. Qc2
Rb8 9. b3 Bd7 10. Bb2 b5 11. cxb5 axb5 12. e4 Nb4 13. Qd2 c5 14. dxc5 dxc5 15.
e5 Ng4 16. a3 Na6 17. Rfd1 Bc6 18. Qf4 Qc8 19. Nd5 Rb7 20. Bh3 h5 21. Ng5 Bh6
22. f3 f6 23. exf6 Bxd5 24. Rxd5 Qc6 25. f7+ 1-0

[Event "4NCL Division 3 North"]
[Site "Bolton, ENG"]
[Date "2019.02.09"]
[Round "5.23"]
[White "Turner, John M"]
[Black "Bryant, Richard B E"]
[Result "1/2-1/2"]
[WhiteElo "1990"]
[BlackElo "1967"]
[PlyCount "143"]
[EventDate "2019.02.09"]
[WhiteTeam "Holmes Chapel"]
[BlackTeam "Shropshire 1"]

1. e4 e6 2. d4 d5 3. Nd2 Nf6 4. e5 Nfd7 5. Bd3 c5 6. c3 Nc6 7. Ne2 cxd4 8. cxd4
f6 9. exf6 Nxf6 10. O-O Bd6 11. Nf3 Qc7 12. g3 O-O 13. Bf4 Nh5 14. Bxd6 Qxd6
15. Nc3 g6 16. Re1 Rf6 17. Ne5 Qf8 18. Nxc6 bxc6 19. Qd2 c5 20. dxc5 Qxc5 21.
Rac1 Qd6 22. Nb5 Qb6 23. Qe3 Bd7 24. a3 Rb8 25. Qxb6 Rxb6 26. a4 a6 27. Nc3
Rxb2 28. Re2 Rb4 29. Bxa6 Bxa4 30. Nxa4 Rxa4 31. Rc8+ Kg7 32. Rc6 e5 33. Rc7+
Kh6 34. Bb7 Rd6 35. Rxe5 d4 36. Rce7 Nf6 37. Re1 d3 38. Bf3 d2 39. Rd1 Ra2 40.
Kf1 g5 41. h3 Kg6 42. Be4+ Kh6 43. Bf3 Ra3 44. Re3 Ra2 45. Ke2 Kg6 46. Rd3 Re6+
47. Kf1 Ne4 48. Bxe4+ Rxe4 49. R3xd2 Rxd2 50. Rxd2 Re6 51. Rd5 h6 52. Kg2 Rf6
53. Rd7 Re6 54. g4 Ra6 55. Rd5 Rf6 56. Rd7 h5 57. Rd3 hxg4 58. hxg4 Kg7 59. Rf3
Ra6 60. Rf5 Kg6 61. Kf1 Re6 62. f3 Kh6 63. Kf2 Kg6 64. Rb5 Rf6 65. Re5 Kh6 66.
Ke3 Kg6 67. Re8 Kh6 68. Re5 Kg6 69. Rf5 Re6+ 70. Kd4 Kh6 71. Kd5 Re3 72. Kd6
1/2-1/2

[Event "4NCL Division 3 North"]
[Site "Bolton, ENG"]
[Date "2019.02.09"]
[Round "5.24"]
[White "Higgie, Charles L"]
[Black "Scattergood, George J"]
[Result "1-0"]
[WhiteElo "2005"]
[BlackElo "1720"]
[PlyCount "69"]
[EventDate "2019.02.09"]
[WhiteTeam "Shropshire 1"]
[BlackTeam "Holmes Chapel"]

1. d4 e6 2. c4 b6 3. Nc3 Bb7 4. e4 c6 5. Qb3 d5 6. cxd5 exd5 7. exd5 cxd5 8.
Bb5+ Bc6 9. Nxd5 Qd7 10. Bf4 Bd6 11. Bxd6 Qxd6 12. O-O-O Kd8 13. Bxc6 Nxc6 14.
Nf3 Nge7 15. Nxe7 Nxe7 16. Qxf7 Rc8+ 17. Kb1 Qg6+ 18. Qxg6 Nxg6 19. Ne5 Rf8 20.
f3 Nf4 21. g3 Nd5 22. Rc1 Nc7 23. Nc6+ Kd7 24. Nxa7 Rce8 25. Nc6 Re2 26. Ne5+
Kd8 27. Rc2 Rxc2 28. Kxc2 Nd5 29. Kd3 Ke7 30. Rc1 Nb4+ 31. Ke4 Re8 32. Rc7+ Kf6
33. a3 Na6 34. Rc6+ Re6 35. Kd5 1-0

[Event "4NCL Division 3 North"]
[Site "Bolton, ENG"]
[Date "2019.02.09"]
[Round "5.25"]
[White "Roberts, Malcolm A"]
[Black "Gostelow, David W"]
[Result "0-1"]
[WhiteElo "1630"]
[BlackElo "1922"]
[PlyCount "86"]
[EventDate "2019.02.09"]
[WhiteTeam "Holmes Chapel"]
[BlackTeam "Shropshire 1"]

1. e4 c5 2. Nf3 Nc6 3. Nc3 e6 4. d3 d5 5. exd5 exd5 6. Be2 Nf6 7. Bd2 Be7 8.
O-O O-O 9. Re1 Bf5 10. Bf1 Bg4 11. h3 Bh5 12. Be2 Re8 13. Nh2 Bg6 14. Bf3 Nd4
15. Ng4 Nxg4 16. Bxg4 Qd6 17. Ne2 Bf6 18. Nxd4 Bxd4 19. c3 Bf6 20. Qf3 h6 21.
Bf5 Bxf5 22. Qxf5 b5 23. Bf4 Qc6 24. Bd2 a5 25. Rxe8+ Rxe8 26. Re1 Rxe1+ 27.
Bxe1 b4 28. Kf1 a4 29. Bd2 a3 30. bxa3 bxc3 31. Bc1 Qa4 32. Qc8+ Kh7 33. Qf5+
g6 34. Qf3 Qc2 35. g3 Qxc1+ 36. Kg2 Qg5 37. h4 Qf5 38. Qe2 Qe5 39. Qd1 Qd4 40.
h5 c4 41. hxg6+ Kxg6 42. Qa4 cxd3 43. Qe8 Qe4+ 0-1

[Event "4NCL Division 3 North"]
[Site "Bolton, ENG"]
[Date "2019.02.09"]
[Round "5.26"]
[White "Bennion, David"]
[Black "Gissi, Alberto"]
[Result "1-0"]
[WhiteElo "1930"]
[BlackElo "1630"]
[PlyCount "127"]
[EventDate "2019.02.09"]
[WhiteTeam "Shropshire 1"]
[BlackTeam "Holmes Chapel"]

1. e4 c5 2. f4 Nc6 3. Nf3 e6 4. Nc3 a6 5. Be2 Nge7 6. O-O d5 7. f5 dxe4 8. fxe6
Bxe6 9. Ng5 Bf5 10. Kh1 Bg6 11. Bh5 Ne5 12. Ncxe4 Nf5 13. Nxf7 Nxf7 14. d3 Bd6
15. Rxf5 Bxf5 16. Bg5 Qc7 17. Bxf7+ Kxf7 18. Qf3 Kg6 19. g4 Rhf8 20. gxf5+ Kf7
21. Rg1 Bxh2 22. Ng3 Kg8 23. Kxh2 Rf7 24. Bf4 Qe7 25. Qg4 Raf8 26. Bg5 Qe5 27.
Bf4 Qxb2 28. Rg2 Rd8 29. Ne4 Qd4 30. Ng5 h5 31. Qg3 Rxf5 32. Ne6 Qf6 33. Qxg7+
Qxg7 34. Nxg7 Rxf4 35. Nxh5+ Kf7 36. Nxf4 Rd4 37. Kg3 Ke7 38. Re2+ Kd7 39. Re4
Rd6 40. Re5 Kc6 41. c4 b5 42. Re6 b4 43. Kf3 a5 44. Rxd6+ Kxd6 45. Ne2 a4 46.
Nc1 Ke5 47. Ke3 Kf5 48. d4 cxd4+ 49. Kxd4 Ke6 50. Kc5 Ke5 51. Kxb4 Kd6 52. a3
Kc6 53. Nd3 Kb6 54. Kxa4 Kc6 55. Kb4 Kb6 56. Ne5 Ka6 57. c5 Kb7 58. Kb5 Kc7 59.
c6 Kb8 60. Kb6 Kc8 61. Nf7 Kb8 62. Nd6 Ka8 63. a4 Kb8 64. c7+ 1-0

[Event "4NCL Division 3 North"]
[Site "Bolton, ENG"]
[Date "2019.02.09"]
[Round "5.31"]
[White "Collins, Richard A"]
[Black "Clarke, Stuart W"]
[Result "0-1"]
[WhiteElo "1930"]
[BlackElo "2198"]
[PlyCount "52"]
[EventDate "2019.02.09"]
[WhiteTeam "Manchester Manticores 3"]
[BlackTeam "3Cs 2"]

1. e4 e6 2. d4 d5 3. exd5 exd5 4. Bd3 Nc6 5. Be3 Bd6 6. h3 Nge7 7. Nf3 Bf5 8.
Nc3 Qd7 9. a3 a6 10. Qd2 f6 11. Bxf5 Qxf5 12. Ne2 g5 13. O-O-O O-O-O 14. Ne1
Rde8 15. Nc3 b6 16. Qd3 Qxd3 17. Nxd3 Na5 18. Nb4 Bxb4 19. axb4 Nac6 20. b5
axb5 21. Nxb5 Nf5 22. Nc3 Nb4 23. Rde1 Re6 24. g3 Rhe8 25. Kd2 c5 26. Nb5 cxd4
0-1

[Event "4NCL Division 3 North"]
[Site "Bolton, ENG"]
[Date "2019.02.09"]
[Round "5.32"]
[White "Bentley, John L"]
[Black "Hilton, Tim"]
[Result "1-0"]
[WhiteElo "2132"]
[BlackElo "1960"]
[PlyCount "59"]
[EventDate "2019.02.09"]
[WhiteTeam "3Cs 2"]
[BlackTeam "Manchester Manticores 3"]

1. d4 Nf6 2. c4 e6 3. g3 Bb4+ 4. Bd2 Qe7 5. Bg2 Nc6 6. Nf3 Bxd2+ 7. Nbxd2 O-O
8. O-O d6 9. e4 e5 10. d5 Nb8 11. Ne1 a5 12. Nd3 Na6 13. f4 Bd7 14. Rc1 b6 15.
Kh1 Rab8 16. b3 Nc5 17. Qf3 c6 18. Nxc5 bxc5 19. Qc3 exf4 20. gxf4 cxd5 21.
cxd5 Ng4 22. Qg3 h5 23. h3 h4 24. Qf3 Nh6 25. Rce1 a4 26. Rg1 axb3 27. axb3 Ra8
28. Bf1 Nf5 29. exf5 Qxe1 30. f6 1-0

[Event "4NCL Division 3 North"]
[Site "Bolton, ENG"]
[Date "2019.02.09"]
[Round "5.33"]
[White "Trueman, Glenn"]
[Black "Adams, Philip"]
[Result "1/2-1/2"]
[WhiteElo "1877"]
[BlackElo "2080"]
[PlyCount "49"]
[EventDate "2019.02.09"]
[WhiteTeam "Manchester Manticores 3"]
[BlackTeam "3Cs 2"]

1. e4 c5 2. Nf3 d6 3. Bb5+ Bd7 4. Bxd7+ Nxd7 5. O-O Ngf6 6. Qe2 Rc8 7. c3 Qc7
8. d3 e6 9. Nbd2 Be7 10. Re1 O-O 11. Nf1 Rfe8 12. h3 a6 13. Bf4 b5 14. Ng3 Bf8
15. a4 Qb7 16. axb5 axb5 17. Ra2 Ra8 18. Rea1 Rxa2 19. Rxa2 Ra8 20. Rxa8 Qxa8
21. Qc2 Qa2 22. Bc1 Nb6 23. Nd2 g6 24. Qb1 Qxb1 25. Nxb1 1/2-1/2

[Event "4NCL Division 3 North"]
[Site "Bolton, ENG"]
[Date "2019.02.09"]
[Round "5.34"]
[White "Taylor, Mike"]
[Black "Tyton, Adam"]
[Result "1/2-1/2"]
[WhiteElo "1952"]
[BlackElo "1930"]
[PlyCount "44"]
[EventDate "2019.02.09"]
[WhiteTeam "3Cs 2"]
[BlackTeam "Manchester Manticores 3"]

1. d4 c6 2. c4 d5 3. Nc3 Nf6 4. e3 g6 5. Nf3 Bg7 6. Bd3 O-O 7. O-O a6 8. Qe2
Nbd7 9. Bd2 Re8 10. Rfd1 b5 11. cxd5 cxd5 12. Qf1 Bb7 13. Rac1 Nb6 14. Ne2 Nc4
15. Rc2 Rc8 16. b3 Nxd2 17. Rdxd2 Qd6 18. Qc1 Bh6 19. Rxc8 Rxc8 20. Rc2 Rxc2
21. Qxc2 Nd7 22. Ng3 Bg7 1/2-1/2

[Event "4NCL Division 3 North"]
[Site "Bolton, ENG"]
[Date "2019.02.09"]
[Round "5.35"]
[White "Potter, Steven"]
[Black "Ye, Kevin"]
[Result "1-0"]
[WhiteElo "1877"]
[BlackElo "1990"]
[PlyCount "65"]
[EventDate "2019.02.09"]
[WhiteTeam "Manchester Manticores 3"]
[BlackTeam "3Cs 2"]

1. d4 d5 2. Bg5 Nd7 3. e3 Ngf6 4. Bd3 e6 5. f4 c5 6. c3 Be7 7. Nd2 c4 8. Bc2 b5
9. Ngf3 a5 10. O-O h6 11. Bxf6 Nxf6 12. Ne5 b4 13. Ba4+ Bd7 14. Bxd7+ Nxd7 15.
Qa4 Bd6 16. Ndf3 f6 17. Ng6 Rg8 18. Qc6 Qb8 19. Nfe5 Ra7 20. e4 fxe5 21. fxe5
Qc7 22. Qxd6 Qxd6 23. exd6 dxe4 24. Nf4 Ra6 25. Rae1 Rxd6 26. Rxe4 Nf8 27. Re5
Ra6 28. Rc5 Kd7 29. Rxc4 Rc6 30. Rxc6 Kxc6 31. cxb4 axb4 32. Rc1+ Kb5 33. Rc8
1-0

[Event "4NCL Division 3 North"]
[Site "Bolton, ENG"]
[Date "2019.02.09"]
[Round "5.36"]
[White "Ahmed, Helal"]
[Black "Whitehead, Mark A"]
[Result "1-0"]
[WhiteElo "1900"]
[BlackElo "1945"]
[PlyCount "63"]
[EventDate "2019.02.09"]
[WhiteTeam "3Cs 2"]
[BlackTeam "Manchester Manticores 3"]

1. d4 Nf6 2. Nf3 e6 3. Bf4 b6 4. e3 Bb7 5. Bd3 d5 6. Nbd2 Nbd7 7. c3 c5 8. h3
Be7 9. O-O O-O 10. Qb1 h6 11. Kh1 Rc8 12. g4 g5 13. Bh2 Ne8 14. Rg1 Ng7 15. h4
Re8 16. hxg5 hxg5 17. Kg2 c4 18. Bc2 b5 19. Rh1 Nf8 20. Bh7+ Nxh7 21. Bc7 Nf8
22. Bxd8 Bxd8 23. Ne5 a5 24. Qc2 Bf6 25. Ndf3 Red8 26. Rh3 Bxe5 27. Nxe5 f6 28.
Ng6 Kf7 29. Nxf8 Rxf8 30. Rh7 Rg8 31. Rah1 Bc6 32. R1h6 1-0

[Event "4NCL Division 3 North"]
[Site "Bolton, ENG"]
[Date "2019.02.09"]
[Round "5.41"]
[White "Richardson, Alex"]
[Black "McCarthy, Damian"]
[Result "1/2-1/2"]
[WhiteElo "2142"]
[BlackElo "1847"]
[PlyCount "83"]
[EventDate "2019.02.09"]
[WhiteTeam "Cheddleton 2"]
[BlackTeam "Bradford DCA Knights C"]

1. c4 e6 2. Nf3 d5 3. g3 Nf6 4. Bg2 Nbd7 5. cxd5 exd5 6. O-O c6 7. d3 Bd6 8. e4
O-O 9. Nc3 dxe4 10. dxe4 Bc7 11. Nd4 Nc5 12. b4 Ne6 13. Nf5 Qxd1 14. Rxd1 Rd8
15. Bb2 Bd7 16. h3 Be8 17. Ne2 Rxd1+ 18. Rxd1 Rd8 19. Rxd8 Nxd8 20. g4 Ne6 21.
e5 Nd7 22. f4 g5 23. b5 cxb5 24. Bxb7 Ndc5 25. Bc8 Nd3 26. Ne7+ Kf8 27. Nd5
Nxb2 28. Bxe6 Bxe5 29. fxe5 fxe6 30. Nc7 Ke7 31. Nd4 Bd7 32. Ncxb5 Bxb5 33.
Nxb5 a6 34. Nd4 Nc4 35. Nc6+ Ke8 36. Kf2 a5 37. Nd4 Kd7 38. Ke2 Nxe5 39. Nb3
Nc6 40. Nc5+ Ke7 41. a4 h6 42. Kd3 1/2-1/2

[Event "4NCL Division 3 North"]
[Site "Bolton, ENG"]
[Date "2019.02.09"]
[Round "5.42"]
[White "Dean, Robert A"]
[Black "Boswell, Jacob Connor"]
[Result "0-1"]
[WhiteElo "1827"]
[BlackElo "2095"]
[PlyCount "76"]
[EventDate "2019.02.09"]
[WhiteTeam "Bradford DCA Knights C"]
[BlackTeam "Cheddleton 2"]

1. e4 e5 2. Nf3 Nc6 3. Bb5 a6 4. Ba4 Nf6 5. O-O Be7 6. Re1 b5 7. Bb3 O-O 8. a4
b4 9. d3 d6 10. h3 Na5 11. Ba2 b3 12. cxb3 c5 13. Bd2 Nc6 14. Na3 Rb8 15. Nc4
h6 16. Rb1 Be6 17. Qc1 Nb4 18. Bxb4 Rxb4 19. Qd2 Qb8 20. Rbc1 Nh5 21. Rc3 Bd8
22. Rec1 Nf4 23. R1c2 Kh8 24. Kf1 Bc7 25. Nh4 Qc8 26. Ne3 Bxh3 27. Nhf5 Bxf5
28. Nxf5 g6 29. Ne3 Ba5 30. Qd1 Rd4 31. b4 Bxb4 32. Rb3 Qd7 33. Rc4 Qxa4 34.
Bb1 Qd7 35. Nc2 Qe7 36. Nxd4 Qh4 37. Nf3 Qh1+ 38. Ng1 Qxg2# 0-1

[Event "4NCL Division 3 North"]
[Site "Bolton, ENG"]
[Date "2019.02.09"]
[Round "5.43"]
[White "Acey, Gerald"]
[Black "Johnson, Paul A"]
[Result "1/2-1/2"]
[WhiteElo "2110"]
[BlackElo "1820"]
[PlyCount "87"]
[EventDate "2019.02.09"]
[WhiteTeam "Cheddleton 2"]
[BlackTeam "Bradford DCA Knights C"]

1. d4 d5 2. Nf3 Nf6 3. g3 Bf5 4. Bg2 e6 5. O-O h6 6. c4 c6 7. Nc3 Bd6 8. Ne5
Nbd7 9. f4 O-O 10. Bd2 Rc8 11. Rc1 Qe7 12. c5 Bc7 13. b4 a6 14. e3 Ra8 15. Qe2
Ne4 16. Nxe4 Bxe4 17. Bxe4 dxe4 18. Nxd7 Qxd7 19. g4 f5 20. Be1 Bd8 21. Rb1 Bf6
22. Bg3 Rf7 23. gxf5 exf5 24. Qc4 Kh7 25. Rfd1 Rd8 26. a4 Qd5 27. Qxd5 Rxd5 28.
b5 axb5 29. axb5 cxb5 30. Rxb5 g5 31. Rdb1 Rdd7 32. Kf2 Kg6 33. Rb6 Kg7 34. Re6
g4 35. Ke2 h5 36. Be1 Bd8 37. Bc3 Bf6 38. Rb5 Rd5 39. Reb6 Rdd7 40. c6 bxc6 41.
Rxf5 Rd5 42. Rxd5 cxd5 43. Rb5 Rd7 44. Be1 1/2-1/2

[Event "4NCL Division 3 North"]
[Site "Bolton, ENG"]
[Date "2019.02.09"]
[Round "5.44"]
[White "Bramson, Mike"]
[Black "Floresc, Petru"]
[Result "0-1"]
[WhiteElo "1795"]
[BlackElo "1967"]
[PlyCount "170"]
[EventDate "2019.02.09"]
[WhiteTeam "Bradford DCA Knights C"]
[BlackTeam "Cheddleton 2"]

1. e4 c5 2. Nf3 g6 3. Nc3 Bg7 4. Bc4 Nc6 5. d3 a6 6. a4 e6 7. O-O Nge7 8. Re1
Qc7 9. Bg5 h6 10. Bh4 d6 11. Qd2 O-O 12. Bg3 Kh7 13. Rad1 Bd7 14. h3 Nd4 15.
Nxd4 cxd4 16. Ne2 Bxa4 17. Qb4 e5 18. Qxa4 b5 19. Bxb5 axb5 20. Qb3 b4 21. Ra1
f5 22. f4 fxe4 23. dxe4 Qc5 24. Bf2 Rxa1 25. Rxa1 exf4 26. c3 bxc3 27. bxc3 f3
28. cxd4 Qg5 29. Ng3 fxg2 30. Rd1 Nc6 31. Kxg2 h5 32. Be3 Qe7 33. Qd5 Nb4 34.
Qg5 Qf7 35. Rd2 Qf3+ 36. Kh2 Rc8 37. Qf4 Rf8 38. Qxf3 Rxf3 39. Bg5 Nc6 40. Kg2
Rb3 41. Ne2 Bh6 42. Rc2 Bxg5 43. Rxc6 Re3 44. Kf2 Rxe4 45. Rxd6 Kg7 46. d5 Re7
47. Rc6 Rd7 48. Nc3 Bf6 49. Ne4 Bd4+ 50. Kf3 Rxd5 51. Nd6 Be5 52. Nc8 Bf6 53.
Nd6 Be7 54. Nc8 Rf5+ 55. Kg2 Bf8 56. Nb6 Kh6 57. Nc4 Bc5 58. Kg3 Rg5+ 59. Kh2
Ba7 60. Rc8 Rc5 61. Rxc5 Bxc5 62. h4 Kg7 63. Nd2 Bd6+ 64. Kh3 Kf6 65. Kg2 Kf5
66. Kf3 Be7 67. Kg3 Bf6 68. Nc4 Ke4 69. Nd2+ Kd3 70. Nf3 Ke3 71. Ne1 Be5+ 72.
Kh3 Bc3 73. Ng2+ Kf3 74. Kh2 Be5+ 75. Kh3 Bg3 76. Ne3 Bxh4 77. Nd5 Bd8 78. Kh2
g5 79. Nb4 g4 80. Nc6 Bc7+ 81. Kg1 Bb6+ 82. Kh1 Ke4 83. Kg2 h4 84. Ne7 h3+ 85.
Kh1 g3 0-1

[Event "4NCL Division 3 North"]
[Site "Bolton, ENG"]
[Date "2019.02.09"]
[Round "5.45"]
[White "Edwards, Simon R"]
[Black "Braham, Peter"]
[Result "1-0"]
[WhiteElo "1975"]
[BlackElo "1725"]
[PlyCount "71"]
[EventDate "2019.02.09"]
[WhiteTeam "Cheddleton 2"]
[BlackTeam "Bradford DCA Knights C"]

1. c4 d6 2. g3 e5 3. Bg2 f5 4. d4 Nf6 5. Nc3 Be7 6. e3 O-O 7. Nge2 c6 8. O-O
Na6 9. b3 Bd7 10. Ba3 Nc7 11. Qc2 e4 12. d5 cxd5 13. Nxd5 Ncxd5 14. cxd5 Bb5
15. Rfd1 Bd3 16. Qd2 Bxe2 17. Qxe2 Qa5 18. Bb2 Kh8 19. a3 Rfc8 20. Bh3 g6 21.
g4 fxg4 22. Bxg4 Rf8 23. Be6 h6 24. Qg4 Kh7 25. b4 Qd8 26. Rac1 Nh5 27. Qxe4
Bf6 28. Bxf6 Qxf6 29. Rc7+ Kh8 30. Qd4 Rab8 31. Qxf6+ Nxf6 32. Rdc1 Ne4 33. f4
a6 34. Re7 Rfe8 35. Rxe8+ Rxe8 36. Rc7 1-0

[Event "4NCL Division 3 North"]
[Site "Bolton, ENG"]
[Date "2019.02.09"]
[Round "5.46"]
[White "Clarke, Paul Rh"]
[Black "Davison, Colin F S"]
[Result "1/2-1/2"]
[WhiteElo "1700"]
[BlackElo "1850"]
[PlyCount "100"]
[EventDate "2019.02.09"]
[WhiteTeam "Bradford DCA Knights C"]
[BlackTeam "Cheddleton 2"]

1. d4 e6 2. Nf3 Nf6 3. Bf4 d5 4. e3 Bd6 5. Bg3 Nbd7 6. Nbd2 Ne4 7. Nxe4 dxe4 8.
Nd2 Nf6 9. Bh4 Be7 10. Bxf6 gxf6 11. Nxe4 f5 12. Ng3 Bd7 13. Bd3 Bc6 14. Rg1 f4
15. Ne2 fxe3 16. fxe3 Bd6 17. g3 Qg5 18. Qd2 O-O-O 19. O-O-O h5 20. e4 Be7 21.
Qxg5 Bxg5+ 22. Kb1 h4 23. g4 Be3 24. Rgf1 Bxd4 25. Rxf7 Be5 26. Rh1 Rdf8 27.
Rxf8+ Rxf8 28. h3 Rf3 29. Nc3 Re3 30. Kc1 Bf4 31. Kd1 Kd8 32. Ne2 Bg5 33. Rh2
Bxe4 34. Bxe4 Rxe4 35. c3 Ke7 36. Nd4 c5 37. Re2 Rxe2 38. Nxe2 Kd6 39. c4 Ke5
40. Ng1 Ke4 41. Ke2 Bf6 42. b3 Kf4 43. Kf2 Bd4+ 44. Kg2 Bf6 45. Kf2 Bd4+ 46.
Kg2 Bg7 47. Kf2 e5 48. Nf3 Bf6 49. Ne1 Ke4 50. Ke2 Kf4 1/2-1/2

[Event "4NCL Division 3 North"]
[Site "Bolton, ENG"]
[Date "2019.02.09"]
[Round "5.51"]
[White "Rawlinson, Aidan M"]
[Black "Watson, Phil R"]
[Result "1-0"]
[WhiteElo "2177"]
[BlackElo "2132"]
[PlyCount "123"]
[EventDate "2019.02.09"]
[WhiteTeam "Manchester Manticores 2"]
[BlackTeam "Bradford DCA Knights B"]

1. d4 d5 2. c4 c6 3. Nf3 Nf6 4. e3 Bf5 5. Nc3 e6 6. Nh4 Bg4 7. Qb3 Qc7 8. h3
Bh5 9. g4 Bg6 10. Nxg6 hxg6 11. g5 dxc4 12. Bxc4 Nd5 13. Bd2 Be7 14. f4 Nd7 15.
O-O-O Nxc3 16. bxc3 b5 17. Be2 a5 18. h4 a4 19. Qc2 Nb6 20. h5 gxh5 21. g6 f6
22. Bxh5 Kd7 23. f5 Ba3+ 24. Kb1 b4 25. c4 b3 26. Qe4 Rae8 27. fxe6+ Ke7 28.
Be2 Qb7 29. Bc3 Rb8 30. Ka1 bxa2 31. Qc2 Rxh1 32. Rxh1 Nc8 33. Kxa2 Qb3+ 34.
Qxb3 Rxb3 35. Bd2 Kxe6 36. Rb1 Rxb1 37. Kxb1 Bd6 38. c5 Bg3 39. Bf3 Ne7 40. Kc2
Kf5 41. e4+ Kxg6 42. d5 cxd5 43. exd5 Nxd5 44. Bxd5 Bc7 45. Bc6 f5 46. Bxa4 Kh5
47. Kd3 g5 48. Bd7 Kg6 49. Kd4 g4 50. Be8+ Kf6 51. Bh5 Ke6 52. Bg5 Bh2 53. Kc4
Ke5 54. Be7 Ke6 55. Bf8 Bc7 56. Kb4 Kd5 57. Bf7+ Ke4 58. Bd6 Bd8 59. Be6 Kf3
60. Bxf5 g3 61. c6 Kf2 62. Bh3 1-0

[Event "4NCL Division 3 North"]
[Site "Bolton, ENG"]
[Date "2019.02.09"]
[Round "5.52"]
[White "Sullivan, Daniel"]
[Black "Lyth, John D"]
[Result "0-1"]
[WhiteElo "1956"]
[BlackElo "2042"]
[PlyCount "120"]
[EventDate "2019.02.09"]
[WhiteTeam "Bradford DCA Knights B"]
[BlackTeam "Manchester Manticores 2"]

1. d4 d5 2. c4 c6 3. Nf3 Nf6 4. e3 e6 5. b3 Be7 6. Bd3 O-O 7. O-O b6 8. Bb2 Bb7
9. Nc3 Nbd7 10. Qe2 Rc8 11. Rad1 Qc7 12. Ne5 Nxe5 13. dxe5 Nd7 14. f4 Nc5 15.
Bc2 dxc4 16. bxc4 Rfd8 17. Ne4 Nxe4 18. Bxe4 Rxd1 19. Rxd1 Rd8 20. g4 Rxd1+ 21.
Qxd1 Qd8 22. Qxd8+ Bxd8 23. Ba3 Ba6 24. Bd3 c5 25. Bb2 h6 26. Kf2 Kf8 27. Kg3
Bb7 28. h4 Bc6 29. h5 Be7 30. f5 Bg5 31. Kf2 Ke7 32. Be2 Be4 33. Bf3 exf5 34.
Bxe4 fxe4 35. a4 Ke6 36. Bc3 Bd8 37. Kg3 Bg5 38. Kf2 g6 39. Bb2 gxh5 40. gxh5
Kf5 41. Bc3 Kg4 42. e6 fxe6 43. Be5 Bd8 44. Bb8 a6 45. Ba7 Kxh5 46. a5 bxa5 47.
Bxc5 Bc7 48. Be7 a4 49. Ba3 Kg4 50. c5 h5 51. c6 Kf5 52. Bb2 e5 53. Kg3 Ke6 54.
Kh4 Kd5 55. Kxh5 Kxc6 56. Kg5 Kd5 57. Kf5 Bd6 58. Ba1 a3 59. Bc3 a2 60. Ba1 Bc5
0-1

[Event "4NCL Division 3 North"]
[Site "Bolton, ENG"]
[Date "2019.02.09"]
[Round "5.53"]
[White "Hymer, Barry"]
[Black "Shapland, David"]
[Result "0-1"]
[WhiteElo "2042"]
[BlackElo "1967"]
[PlyCount "50"]
[EventDate "2019.02.09"]
[WhiteTeam "Manchester Manticores 2"]
[BlackTeam "Bradford DCA Knights B"]

1. d4 c5 2. d5 Nf6 3. c4 g6 4. Nc3 Bg7 5. e4 d6 6. Nf3 O-O 7. Be2 e6 8. O-O
exd5 9. cxd5 Bg4 10. h3 Bxf3 11. Bxf3 Nfd7 12. Qb3 Ne5 13. Be2 Na6 14. Qxb7 Nb4
15. Nb5 a6 16. Nc7 Qd7 17. Qb6 Rab8 18. Qa5 Nc2 19. Rb1 Nd4 20. Bxa6 Rb4 21. b3
Rfb8 22. f4 Nec6 23. dxc6 Nxc6 24. Bb5 R4xb5 25. Nxb5 Nxa5 0-1

[Event "4NCL Division 3 North"]
[Site "Bolton, ENG"]
[Date "2019.02.09"]
[Round "5.54"]
[White "Baxter, Harold"]
[Black "Webster, Richard J"]
[Result "0-1"]
[WhiteElo "1880"]
[BlackElo "1997"]
[PlyCount "174"]
[EventDate "2019.02.09"]
[WhiteTeam "Bradford DCA Knights B"]
[BlackTeam "Manchester Manticores 2"]

1. Nf3 d5 2. g3 Nf6 3. Bg2 Bf5 4. d4 e6 5. O-O h6 6. c4 c6 7. Nc3 Be7 8. cxd5
exd5 9. Nd2 Na6 10. a3 Nc7 11. Qb3 O-O 12. Rd1 Qd7 13. Nf1 Rfd8 14. Ne3 Bh7 15.
Bd2 Ne6 16. Be1 Ng5 17. h4 Nge4 18. Nxe4 Nxe4 19. f3 Nd6 20. Kh2 a5 21. a4 Re8
22. Bh3 Qd8 23. Bf2 Kh8 24. Re1 f5 25. Ng2 Nc4 26. e3 Bb4 27. Rec1 Qe7 28. Rxc4
dxc4 29. Qxc4 Qd6 30. h5 Re7 31. Nf4 Rae8 32. Qd3 Rf7 33. Rc1 Qf6 34. Rc2 Bd6
35. Be1 Bxf4 36. gxf4 Rfe7 37. Bf2 Qf7 38. Rc5 Qxh5 39. Kg2 Qg6+ 40. Kf1 b6 41.
Rc3 Qf6 42. Qc2 Rc7 43. Qb3 Rb8 44. Qc2 Rbc8 45. Qd3 c5 46. d5 Rd8 47. Qd2 Rcd7
48. Rd3 Rd6 49. Bg3 Qf7 50. e4 fxe4 51. Be6 Qg6 52. fxe4 Qxe4 53. Re3 Qb1+ 54.
Kf2 Qc2 55. Qxc2 Bxc2 56. f5 Rxd5 57. Bxd5 Rxd5 58. Be5 Bxf5 59. b3 Kg8 60. Bc7
c4 61. Bxb6 Rd2+ 62. Ke1 Rb2 63. Bxa5 cxb3 64. Bc3 Ra2 65. Re7 b2 66. Rxg7+ Kf8
67. Bxb2 Rxb2 68. Ra7 h5 69. Ra5 Bg4 70. Rg5 Ra2 71. a5 Ke8 72. Rd5 Ke7 73. Kf1
Ke6 74. Rg5 Kd7 75. Kg1 Kc7 76. Rg7+ Kb8 77. Rg5 Ka7 78. Re5 Ka6 79. Rg5 Rxa5
80. Rg6+ Kb5 81. Kh2 Ra3 82. Rd6 Kc5 83. Rd8 Kc4 84. Rd6 Rd3 85. Rc6+ Kd5 86.
Rc7 Ke4 87. Rf7 Rf3 0-1

[Event "4NCL Division 3 North"]
[Site "Bolton, ENG"]
[Date "2019.02.09"]
[Round "5.55"]
[White "Dobson, Graham"]
[Black "Holliday, John K"]
[Result "1/2-1/2"]
[WhiteElo "2012"]
[BlackElo "1842"]
[PlyCount "28"]
[EventDate "2019.02.09"]
[WhiteTeam "Manchester Manticores 2"]
[BlackTeam "Bradford DCA Knights B"]

1. e4 d5 2. exd5 Nf6 3. d4 Bg4 4. Be2 Bxe2 5. Nxe2 Qxd5 6. O-O Nc6 7. Nbc3 Qh5
8. Nf4 Qxd1 9. Rxd1 O-O-O 10. Be3 e6 11. d5 Nxd5 12. Nfxd5 exd5 13. Nxd5 Nb4
14. Nxb4 Bxb4 1/2-1/2

[Event "4NCL Division 3 North"]
[Site "Bolton, ENG"]
[Date "2019.02.09"]
[Round "5.56"]
[White "Adam, David W"]
[Black "Newton, Robert A"]
[Result "0-1"]
[WhiteElo "1837"]
[BlackElo "2035"]
[PlyCount "64"]
[EventDate "2019.02.09"]
[WhiteTeam "Bradford DCA Knights B"]
[BlackTeam "Manchester Manticores 2"]

1. c4 c5 2. Nc3 g6 3. g3 Bg7 4. Bg2 Nc6 5. d3 f5 6. e4 fxe4 7. Nxe4 d6 8. Ne2
Nf6 9. O-O O-O 10. Rb1 Bf5 11. Nxf6+ Bxf6 12. Bh6 Bg7 13. Bxg7 Kxg7 14. a3 a5
15. f4 Qd7 16. Re1 Rae8 17. Qd2 h5 18. Qc3+ Kh7 19. Rbd1 e5 20. Be4 b6 21. Bxf5
Qxf5 22. Qd2 h4 23. Rf1 Qg4 24. Rf2 exf4 25. Rdf1 hxg3 26. hxg3 g5 27. Rh2+ Kg7
28. Qc3+ Ne5 29. d4 fxg3 30. Rxf8 Rxf8 31. Rg2 Nf3+ 32. Kf1 Nxd4+ 0-1